• 首页
  • 本馆介绍
  • 公告通知
  • 最新文献
  • 馆藏检索
  • 电子资源
  • 读者导购
  • 参考咨询
  • 我的图书馆
  • 登录
  • 详细信息显示
  • 放入我的书架
  • 预约/预借图书
  • 作者相关作品
  • 分类相关作品
  • 丛书相关作品
  • 出版社相关作品

书目信息

  • 表格格式
  • 工作单格式
  • 卡片格式
题名:
建设工程监理概论
    
 
作者: 孙海英 主编
分册:  
出版信息: 沈阳   东北大学出版社  2020.9
页数: 248页
开本: 29cm
丛书名:
单 册:
中图分类: TU712.2
科图分类:
主题词: 建筑工程--监理工作--高等学校--教材
电子资源:
ISBN: 978-7-5517-2464-7
000 00878nam0 2200253 45
001 012001000867
005 20130912091327.0
010    @a978-7-5517-2464-7@dCNY49.80
100    @a20210322d2020 em y0chiy50 ea
101 0  @achi
102    @aCN@b210000
105    @ay z 000yy
106    @ar
200 1  @a建设工程监理概论@b专著@f孙海英[等]主编@Ajian she gong cheng jian li gai lun
210    @a沈阳@c东北大学出版社@d2020.9
215    @a248页@d29cm
300    @a“互联网+”立体化创新型精品教材
304    @a主编还有:廖坤阳、林娇青、王萍
330    @a本书分为九个项目,主要包括:绪论、监理工程师与监理企业、建设工程招投标、建设工程监理规划及监理组织、建设工程监理目标控制等内容。
606 0  @a建筑工程@x监理工作@x高等学校@j教材
690    @aTU712.2@v5
701  0 @a孙海英@4主编@Asun hai ying
801  0 @aCN@bBJSDL@c20211011
905    @b1336064-7@dTU712.2@e1954@f4
    
    建设工程监理概论/孙海英[等]主编.-沈阳:东北大学出版社,2020.9
    248页;29cm
    “互联网+”立体化创新型精品教材
    
    ISBN 978-7-5517-2464-7:CNY49.80
    本书分为九个项目,主要包括:绪论、监理工程师与监理企业、建设工程招投标、建设工程监理规划及监理组织、建设工程监理目标控制等内容。
●
相关链接 在E读中查询图书 在五车中查询图书 在当当中查询图书 在豆瓣中查询图书


正题名:建设工程监理概论     索取号:TU712.2/1954         预约/预借

序号 登录号 条形码 馆藏地/架位号 状态 备注
1 1336064   213360646   第二样本阅览室/ [索取号:TU712.2/1954] 在馆    
2 1336065   213360655   第三借阅区/ [索取号:TU712.2/1954] 在馆    
3 1336066   213360664   第三借阅区/ [索取号:TU712.2/1954] 在馆    
4 1336067   213360673   第三借阅区/ [索取号:TU712.2/1954] 在馆    
唐山师范学院图书馆 欢迎您!
大连网信软件有限公司© 版权所有